Do Evropy i po železnici.

Cesta ČSFR do Európy vyžaduje, aby celá stratégia rozvoja železničnej dopravy bola v súlade s dopravnou politikou EHS. ČSFR sa zapojí do dopravnej sústavy EHS v oblasti dopravných ciest i v oblasti komerčnej. Čs. dopravná politika sa musí zamerať na vytvorenie komerčnej rovnosti dopravy a dopravcov...

Description complète

Enregistré dans:
Détails bibliographiques
Auteur principal: Diviš, J.
Autres auteurs: Kavalec, K.
Format: Chapitre de livre
Langue:tchèque
Sujets:
Tags: Ajouter un tag
Pas de tags, Soyez le premier à ajouter un tag!

MARC

LEADER 00000naa a2200000 4500
001 r001540
005 20220906084446.1
041 0 |a cze 
044 |a [CS] 
245 1 0 |a Do Evropy i po železnici.  |c J. Diviš, K. Kavalec 
520 |a Cesta ČSFR do Európy vyžaduje, aby celá stratégia rozvoja železničnej dopravy bola v súlade s dopravnou politikou EHS. ČSFR sa zapojí do dopravnej sústavy EHS v oblasti dopravných ciest i v oblasti komerčnej. Čs. dopravná politika sa musí zamerať na vytvorenie komerčnej rovnosti dopravy a dopravcov na trhu prepravy a musí sa orientovať i na sociálnu zodpovednosť a životné prostredie. 
610 2 0 |a doprava železničná 
610 2 0 |a politika dopravná 
610 2 0 |a ČSFR 
610 2 0 |a západná Európa 
610 2 0 |a EHS 
100 1 |a Diviš, J. 
700 1 |a Kavalec, K.